Responses for show #3052 - Tuesday, December 2, 1997

Contestants

[<< previous game]

Kathy Giddens, an instructional coordinator from Warner Robins, Georgia

Tom Castelazo, a middle school teacher originally from Fresno, California

Heather O'Neill, a program assistant from Tarboro, North Carolina (whose 2-day cash winnings total $12,800)

[next game >>]

Jeopardy! Round responses

REEL MEN OF THE CLOTH
(Alex: Notice "Reel".)
ADVICE
THE PRESIDENT'S DOG
BASKETBALL
EASTERN EUROPE
BODY LANGUAGE
    $100 3
Dan Aykroyd

Heather
    $100 9
Aesop

Kathy
    $100 18
Fala

Tom
    $100 13
Atlanta

Heather
    $100 1
Krakow

Heather
    $100 23
Through his stomach

Heather
    $200 5
Going My Way

Kathy
    $200 10
(K: What are galoshes?)

Contact lenses

HeatherKathy
    $200 19
J. Edgar Hoover

Tom
    $200 14
Utah Jazz

Tom
    $200 2
(H: What is sour cream?)

Yogurt

HeatherKathy
    $200 24
Thumb a ride

Kathy
    $300 6
Night of the Iguana

Kathy
    $300 30
Alice Walker

Tom
    $300 20
Gerald Ford

Tom
    $300 15
Larry Bird

Tom
    $300 4
Romania

Kathy
    $300 25
The nose

Heather
    $400 7
The Exorcist

Kathy
    $400 29
"Go West, Young Man"

Kathy
    $400 21
Nikita Khrushchev

Kathy
    $400 16
UCLA

Heather
    $400 11
Slovenia

Heather
    $400 26
Neck and neck

Heather
    $500 8
(Tom: I'll take ADVICE for $100.)
(Alex: All right, I'll give you some!)

The Preacher's Wife

Tom
    $500 28
Mel Brooks

Heather
    $800 22
(we have less than a minute to go...)

Millie (President Bush's dog)

Kathy
    $500 17
Bill Bradley

Heather
    $500 12
(K: What is Alsacia?)

Dalmatia

HeatherKathy
    $500 27
"A tooth for a tooth"

Tom

Scores at the first commercial break (after clue 15):

Heather Tom Kathy
$1,200 $1,000 $800

Scores at the end of the Jeopardy! Round:

Heather Tom Kathy
$3,400 $2,400 $2,600

Double Jeopardy! Round responses

REAL MEN OF THE CLOTH
THE NEW WORLD
ZOOLOGY
CLASSICAL COMPOSERS
BUSINESS & INDUSTRY
"A" PLUS
    $200 2
Messiah

Tom
    $200 9
America

Triple Stumper
    $200 8
(K: What is spin silk?)
(H: What is weave?)
(Alex: Looks like we're going to have to accept both of them.)

Spin a web

HeatherKathy
    $200 1
Ludwig van Beethoven

Heather
    $200 7
(T: Who is Post?)

Kellogg's

TomKathy
    $200 15
(H: What is an anteater?)

Aardvark

HeatherTom
    $400 14
Al Green

Heather
    $400 10
Hernando Cortes

Tom
    $400 22
(T: What is the thorax?)

Waist

Tom
Triple Stumper
    $400 3
Wolfgang A. Mozart

Tom
    $400 16
(T: What are automobiles?)

Flowers

Tom
Triple Stumper
    $400 19
"Applause"

Kathy
    $600 24
(T: Who is Botha?)
(K: Who is Mandela?)
(H: Who is De Klerk?)
(buzzer sounds)

Archbishop Desmond Tutu

HeatherTomKathy
Triple Stumper
    $600 11
Ming dynasty

Kathy
    $600 23
(H: What is a dog?)

(Wild) Cat

HeatherTom
    $600 4
Giacomo Puccini

Tom
    $600 17
Houghton Mifflin

Tom
    $600 20
(we have less than a minute to go...)

Author

Tom
    $800 12
Vasco de Balboa

Tom
    $800 5
Igor Stravinsky

Tom
    $1,500 18
(T: What is Sony?)
(Alex: Sony is the one that owns us.)

Westinghouse

Tom
    $800 21
Aggies

Tom
    $1000 13
Hernando de Soto

Kathy
    $1000 6
(Alex: Well done, Tom - you got them all!)

Antonio Vivaldi

Tom

Scores at the end of the Double Jeopardy! Round:

Heather Tom Kathy
$2,800 $6,300 $4,400

[wagering suggestions for these scores]

Final Jeopardy! Round responses

17th CENTURY LITERATURE
HeatherWhat is something I've never read?
$2,700
KathyWhat is "The Divine Comedy"
$4,300
TomWhat is Paradise Lost
$3,499
"Pilgrim's Progress"

Final scores:

Heather Tom Kathy
$100 $2,801 $100
3rd place: Pair of Franchi-Menotti Sports Watches New champion: $2,801 2nd place: Panasonic 31" Superflat System TV & Bush Home Theatre

Game dynamics:

Coryat scores:

Heather Tom Kathy
$2,800 $7,800 $4,100
15 R,
4 W
20 R,
5 W
(including 1 DD)
15 R
(including 1 DD),
3 W

Combined Coryat: $14,700

The J! Archive is created by fans, for fans. Scraping, republication, monetization, and malicious use prohibited; this site may use cookies and collect identifying information. See terms. The Jeopardy! game show and all elements thereof, including but not limited to copyright and trademark thereto, are the property of Jeopardy Productions, Inc. and are protected under law. This website is not affiliated with, sponsored by, or operated by Jeopardy Productions, Inc. Join the discussion at JBoard.tv.